00817nam a22001697a 4500999001900000008004100019100003200060245001700092260001300109300003400122520029000156650006000446773001300506906001200519942000700531952010900538 c523929d523929231016b ||||| |||| 00| 0 eng d aYadav, Sajjan Singh 944156 aUnity malls  aYojana  a67(10), Oct, 2023: p.41-46  aUnity-malls a unique initiative of the government of India, is poised to play pivotal roles in fostering economic development, providing citizens with recreational spaces, enhancing tourism, and celebrating the rich cultural heritage of our diverse and unique nation. – Reproduced  aRecreational spaces, Tourism, Cultural heritage944157 aYojana  aTOURISM cAR 00102ddc40709398978aIIPAbIIPAd2023-10-16h67(10), Oct, 2023: p.41-46 pAR129814r2023-10-16yAR